000 00210nam a2200097Ia 4500
008 190216s9999||||xx |||||||||||||| ||und||
100 _aJagathi
245 0 _aJapan Daiyam
260 _bCurrent Books
942 _cBK
999 _c23596
_d23596